Bệnh khớp viêm khớp : Những vấn đề về liệu pháp thay thế thuốc và vai trò của dinh dưỡng

Cuốn sách sẽ hướng dẫn cho bạn biết phân biệt các loại thực phẩm nào có thể tăng cường hệ miễn dịch và cải thiện chức năng hoạt động của các khớp, các cơ trong cơ thể. Bạn cũng biết cách phát hiện xem liệu món ăn thức uống bạn đan...

Szczegółowa specyfikacja

Zapisane w:
Opis bibliograficzny
1. autor: Hồ Kim Chung
Format: Książka
Język:Vietnamese
Wydane: H. Y học 2009
Hasła przedmiotowe:
Etykiety: Dodaj etykietę
Nie ma etykietki, Dołącz pierwszą etykiete!
Thư viện lưu trữ: Thư viện Trường Đại học Nam Cần Thơ
LEADER 02515nam a22002897a 4500
001 NCT_33543
008 180427b xxu||||| |||| 00| 0 vie d
999 |c 1617  |d 1617 
020 |c 32000 
082 0 4 |2 23rd ed.  |a 616.723  |b Ch513 
100 1 |a Hồ Kim Chung 
245 1 0 |a Bệnh khớp viêm khớp  |b : Những vấn đề về liệu pháp thay thế thuốc và vai trò của dinh dưỡng  |c Hồ Kim Chung 
260 |a H.  |b Y học  |c 2009 
300 |a 231 tr.  |b Ảnh  |c 21cm 
520 3 |a  Cuốn sách sẽ hướng dẫn cho bạn biết phân biệt các loại thực phẩm nào có thể tăng cường hệ miễn dịch và cải thiện chức năng hoạt động của các khớp, các cơ trong cơ thể. Bạn cũng biết cách phát hiện xem liệu món ăn thức uống bạn đang dùng thường ngày có thể sẽ góp phần gây ra bệnh khớp. 
653 |a Y đa khoa 
942 |2 ddc  |c BK 
952 |0 0  |1 0  |2 ddc  |4 0  |6 616_723000000000000_CH513  |7 0  |9 7725  |a 000001  |b 000001  |d 2018-04-27  |o 616.723 Ch513  |p MD.10795  |r 2018-04-27  |v 32000.00  |w 2018-04-27  |y BK 
952 |0 0  |1 0  |2 ddc  |4 0  |6 616_723000000000000_CH513  |7 0  |9 7726  |a 000001  |b 000001  |d 2018-04-27  |o 616.723 Ch513  |p MD.10796  |r 2018-04-27  |v 32000.00  |w 2018-04-27  |y BK 
952 |0 0  |1 0  |2 ddc  |4 0  |6 616_723000000000000_CH513  |7 0  |9 7727  |a 000001  |b 000001  |d 2018-04-27  |o 616.723 Ch513  |p MD.11586  |r 2018-04-27  |v 32000.00  |w 2018-04-27  |y BK 
952 |0 0  |1 0  |2 ddc  |4 0  |6 616_723000000000000_CH513  |7 0  |9 7728  |a 000001  |b 000001  |d 2018-04-27  |l 1  |o 616.723 Ch513  |p MD.11587  |r 2018-12-06  |s 2018-11-26  |v 32000.00  |w 2018-04-27  |y BK 
952 |0 0  |1 0  |2 ddc  |4 0  |6 616_723000000000000_CH513  |7 0  |9 7915  |a 000001  |b 000001  |d 2018-05-04  |l 1  |o 616.723 Ch513  |p MD.10307  |r 2018-11-30  |s 2018-11-16  |v 32000.00  |w 2018-05-04  |y BK 
952 |0 0  |1 0  |2 ddc  |4 0  |6 616_723000000000000_CH513  |7 0  |9 7920  |a 000001  |b 000001  |d 2018-05-04  |o 616.723 Ch513  |p MD.10303  |r 2018-05-04  |v 32000.00  |w 2018-05-04  |y BK 
952 |0 0  |1 0  |2 ddc  |4 0  |6 616_723000000000000_CH513  |7 0  |9 7921  |a 000001  |b 000001  |d 2018-05-04  |o 616.723 Ch513  |p MD.10304  |r 2018-05-04  |v 32000.00  |w 2018-05-04  |y BK 
952 |0 0  |1 0  |2 ddc  |4 0  |6 616_723000000000000_CH513  |7 0  |9 7922  |a 000001  |b 000001  |d 2018-05-04  |o 616.723 Ch513  |p MD.10305  |r 2018-05-04  |v 32000.00  |w 2018-05-04  |y BK 
952 |0 0  |1 0  |2 ddc  |4 0  |6 616_723000000000000_CH513  |7 0  |9 7923  |a 000001  |b 000001  |d 2018-05-04  |o 616.723 Ch513  |p MD.10306  |r 2018-05-04  |v 32000.00  |w 2018-05-04  |y BK 
980 |a Thư viện Trường Đại học Nam Cần Thơ